000 00565nam a22002057a 4500
003 OSt
005 20140310182827.0
008 130529t xxu||||| |||| 00| 0 eng d
020 _a0884861627
050 _aHF 5548
_b.M665 1990
082 _aM 158.7
_bH38 1990
245 _aBeating burnout :
_bbalanced living for busy people /
_cMinirth, Frank
260 _aNew York :
_bInspirational Press,
_c1990
300 _a341 p. :
_c21 cm.
521 _acollege students
526 _c1210L -1700L
541 _j1
562 _e1
942 _2lcc
_cBK
_kM
999 _c16536
_d16536